1918 1701 1806 1592 1933 1169 1003 1863 1338 1462 1809 1667 1416 1583 1815 1148 1511 1096 1918 1410 1729 1686 1341 1673 1454 1594 1743 1096 1245 1590 1428 1791 1589 1256 1576 1356 1245 1036 1591 1266 1845 1308 1121 1747 1083 1426 1076 1451 1103 1171 1373 1985 1570 1204 1731 1206 1331 1164 1920 1819 1249 1514 1461 1991 1671 1244 1689 1662 1249 1420 1336 1557 1141 1119 1632 1063 1182 1206 1541 1207 1358 1255 1680 1307 1784 1910 1354 1788 1188 1556 1846 1702 1196 1671 1104 1949 1329 1510 1122 BCNSPRNW ULIB Ver.6.0+V

เปลี่ยนเป็นภาษาไทย

Change to English
 แสดงรายละเอียดบรรณานุกรม
  กลับหน้าหลัก

Brief Record : Get Marc (ISO 2709) : E-mail record : QR code < ปิดหน้าต่าง
LEADER : 00000nam 2200000uu 4500
001    13399115198
003     ULIB
008    120726s2007||||th 000 0 eng d
020    ^a9789812725967
060 04 ^aQS17^bH249 2007
100 1  ^aHansen, John T.
245 00 ^aNetter is anatomy :^bwith student consult
260    ^aPhiladelphia :^bSaunders,^c2007
300    ^a1 v. (various pagings) :^bill. ;^c28 cm.
650  0 ^aHuman anatomy^vAtlases
650  2 ^aAnatomy, Regional^vAtlases
650  2 ^aAnatomy^vAtlases
700 1  ^aNetter, Frank H. ^q(Frank Henry),^d1906-1991
945    ^p0^l0^i17773
945    ^p0^l0^i17774
945    ^p0^l0^i17775
995    ^aKanchaphon
999    ^aใช้งานได้ทุกระบบ
รายการนี้ยังไม่มีแท็ก
คุณยังไม่ได้ล็อกอิน คุณสามารถมีกิจกรรมร่วมกับเว็บไซต์ได้ แต่ต้องล็อกอินก่อน ::
  ล็อกอิน

รายการสื่อสารสนเทศ

ลำดับที่ ประเภท เลขเรียก/บาร์โค้ด สถานที่ สถานะ
- ไม่พบข้อมูล -

รายการใกล้เคียง
    ผู้แต่ง [Hansen, John T.]

    หัวเรื่อง [Anatomy Atlases]

BibComment


ยังไม่เคยถูกคอมเมนท์

คอมเมนท์ทรัพยากรรายการนี้
  คอมเมนท์: Netter is anatom..


 Copyright 2026. Bcnsprnw @Library